Criterios para la evaluación arquitectónico caso de estudio : La cancillería Managua, Nicaragua
El presente trabajo realiza la valoración arquitectónica del edificio de la cancillería basado en la metodología arquitectónica elaborada por el arquitecto Andrzej Niezabietowski y con bases en la teoría de la valoración y crítica arquitectónica.
| Main Author: | |
|---|---|
| Other Authors: | |
| Format: | Tesis Section = Libro |
| Language: | Undetermined Spanish |
| Published: |
Managua
UNI
2009
|
| Subjects: |
| LEADER | 01003nam a2200229Ia 4500 | ||
|---|---|---|---|
| 008 | 240830s9999 xx 000 0 und d | ||
| 040 | |a BIBLIOTECA-RUSB/ Mon 725.17 B826 | ||
| 041 | |a spa | ||
| 082 | |a Mon 725.17 B826 | ||
| 100 | 1 | |a Bravo Rodríguez, Evelyng Danelia | |
| 245 | 1 | 0 | |a Criterios para la evaluación arquitectónico caso de estudio : La cancillería Managua, Nicaragua |
| 260 | |a Managua |b UNI |c 2009 | ||
| 300 | |a 76 p. :il. | ||
| 502 | |a Tesis (Arquitecto) - UNI, 2009. | ||
| 520 | 3 | |a El presente trabajo realiza la valoración arquitectónica del edificio de la cancillería basado en la metodología arquitectónica elaborada por el arquitecto Andrzej Niezabietowski y con bases en la teoría de la valoración y crítica arquitectónica. | |
| 650 | 7 | |a ARQUITECTURA | |
| 650 | 7 | |b EDIFICIOS GUBERNAMENTALES | |
| 650 | 7 | |c VALORACION ARQUITECTÓNICA DE EDIFICIOS | |
| 700 | 1 | |a Tutor: |b Hernández Hidalgo, Heimdall Verónica | |
| 942 | |c BK |2 ddc | ||
| 991 | |a TESIS | ||
| 999 | |c 21212 | ||